California County Trivia - Inyo - Statistics

General Stats
  • This quiz has been taken 17 times
  • The average score is 12 of 15
Answer Stats
Hint Answer % Correct
Largest City Bishop
100%
Two Mountain Ranges Sierra Nevada
100%
National Park Death Valley
91%
Kern
91%
Mono
91%
Tulare
91%
Fresno
82%
Bordering Counties/States Nevada
82%
San Bernardino
82%
Has the highest recorded ______ in the world Temperature
82%
Lowest Point in North America Badwater Basin
73%
County Seat Independence
73%
Main River that runs through the County Owens River
73%
Tallest Mountain Mt. Whitney
64%
White Mountains
64%
No matching quizzes found
Score Distribution
Percent of People with Each Score
Percentile by Number Answered
Your Score History
You have not taken this quiz